| 000 | 01193nam a2200337 a 4500 | ||
|---|---|---|---|
| 001 | 000111648 | ||
| 003 | CHAP | ||
| 005 | 20220329144223.0 | ||
| 008 | 150624s2015 mx |sm |||||||spa d | ||
| 010 | _a108109 | ||
| 011 | _a109081 | ||
| 040 | _cCHAP | ||
| 090 | _aTesis | ||
| 100 | 1 |
_aNativitas Lima, Isabel _9129577 |
|
| 245 | 1 | 0 |
_aFertilización edáfica y foliar en durazno en Tepeyahualco de Hidalgo, Puebla _h[En línea] _cpor Isabel Nativitas Lima. |
| 260 |
_aChapingo, Méx. : _bEl autor, _c2015. |
||
| 500 | _aPara ver el contenido del material haga clic en la liga | ||
| 502 | _aTesis (M.C. en Horticultura) -- UACH. Departamento de Fitotecnia | ||
| 590 |
_aE11695DGD _b10 _c20150625 _lUCH01 _h1004 |
||
| 590 |
_aE5652GLJ _b05 _c20150624 _lUCH01 _h0907 |
||
| 590 |
_aE5652GLJ _b05 _c20150624 _lUCH01 _h0908 |
||
| 590 |
_aE5995AHE _b05 _c20150819 _lUCH01 _h0940 |
||
| 650 | 1 | 4 |
_aDurazno _xMejoramiento. _934613 |
| 650 | 1 | 4 |
_aFertilización foliar. _940445 |
| 650 | 1 | 4 |
_aFertilizantes _xEfecto en durazno. _940506 |
| 650 | 1 | 4 |
_aFertirrigación. _940652 |
| 856 |
_aFinding aid _uhttp://10.13.5.2/tesis/sist111648.pdf _zTeclea aquí |
||
| 901 | _aBK | ||
| 942 | _cTESIS | ||
| 942 | _n0 | ||
| 999 |
_c108109 _d108109 |
||